000 01374nam a22002417i 4500
999 _c23148
_d23148
003 AR-CdUCM
008 241213b20192019 pe||||| |||| 00| 0 spa d
040 _aMUNICIPALIDAD PROVINCIAL DEL CUSCO
_cBIBLIOTECA MUNICIPAL DEL CUSCO
082 _a781.2 / O31
_bO31
100 _aOchoa Revoredo, Luis Edmundo
_913584
245 _aAnálisis y formas musicales :
_bUn abordaje progresivo para comprender la naturaleza de la música desde su microcosmos hasta su macrocosmos /
260 _aCusco :
_bCorporación CUSCOGRAF SAC.
_c2019
300 _a590 páginas. :
_c30 cm.
500 _zBibliografía: páginas 570-573
505 _aLa forma musical -- Principios básicos de la organización musical -- Unidades temáticos-estructurales -- Estructura de agrupamiento y estructura métrica -- Formas de pequeña y mediana extensión -- Formas polifónicas -- La misa -- La suite -- La forma sonata -- Formas derivadas de la sonata -- Otras piezas orquestales -- Literatura romántica y pos romántica -- Música escénica y música Programática -- Teoría reduccional -- Teoría Tematicista -- Géneros tradicionales de América latina
650 _aMúsica
_91443
650 _aOrganización
_94866
650 _aOrquesta
_913868
650 _aSinfónica
_913137
700 _aMercado Chino, Sandro Fidel
_950864
942 _2ddc
_cLIBROS
945 _apbj
_d13 -12-2024